000 00309nam a22001217a 4500
008 160512b xxu||||| |||| 00| 0 eng d
020 _a9780534636661
020 _a0534636667
041 _aeng
080 _a61
245 _aHuman histology a textbook in outline form:
_cW.B.Saunders Company;
942 _2udc
_cBK
999 _c2080
_d2080